Countries by Inland Surface Water - Statistics

General Stats
  • This quiz has been taken 106,186 times
    74,604 since last reset
  • The average score is 15 of 19
Answer Stats
km2 country % Correct
891,163 Canada
99%
720,500 Russia
99%
377,424 United States
99%
270,550 China
96%
157,630 Brazil
95%
314,070 India
91%
43,710 Argentina
87%
58,920 Australia
84%
77,810 D.R. Congo
76%
25,200 Kazakhstan
73%
34,330 Finland
72%
39,960 Sweden
72%
93,000 Indonesia
71%
100,210 Colombia
69%
25,220 Pakistan
62%
30,000 Venezuela
61%
116,600 Iran
60%
61,500 Tanzania
55%
43,938 Uganda
40%
No matching quizzes found
Score Distribution
Percent of People with Each Score
Percentile by Number Answered
Your Score History
You have not taken this quiz since the last reset